Statistics for IN which USA STATE were these people born

Click here to take the quiz!

General Stats

  • This quiz has been taken 21 times
  • The average score is 12 of 20

Answer Stats

Hint Answer % Correct
Barack Obama / PresidentHawaii
89%
Bill Gates / ComputingWashington
78%
Lyndon B. Johnson / PresidentTexas
78%
Elvis Presley / SingerMississippi
78%
Martin Luther King / Civil RightsGeorgia
78%
Donald Trump / PresidentNew York
78%
George Washington / PresidentVirginia
72%
John Steinbeck / AuthorCalifornia
61%
Mark Twain / AuthorMissouri
61%
John Wayne / ActorIowa
56%
Neil Armstrong / AstronautOhio
50%
Charles Lindbergh / AviatorMichigan
50%
Brad Pitt / ActorOklahoma
50%
Ellen DeGeneres / Show HostLouisiana
50%
Muhammad Ali / BoxerKentucky
44%
Morgan Freeman / ActorTennessee
44%
Kobe Bryant / BasketballerPennsylvania
44%
Brigham Young / Religious LeaderVermont
39%
Lionel Richie / Singer - SongwriterAlabama
33%
Bruce Willis / ActorNew Jersey
28%

Score Distribution

Percentile by Number Answered

Percent of People with Each Score

Your Score History

You have not taken this quiz